000 00802cad a22002055a 4500
001 L157520
008 120829s2011 xxk f 000 0 eng d
020 _a9781842196502
035 _a(Sirsi) u157520
041 0 _aeng
100 1 _aShamsan, Yarim
245 0 0 _aRICS IPD valuation and sale price report European summary 2010
260 _aLondon
_bRICS
_c2010
490 0 _aRICS Research
520 _aStudies data from the IPD Annual Index of France, Germany, the Netherlands and the UK and compares this against the sale prices of commercial properties in those countries
651 4 _aEurope
690 _aCommercial property
_96227
856 4 0 _uhttps://www.rics.org/Global/Downloads/IPD_Valuation_and_Sale_Price_Study_2010.pdf
_zView the item free of charge at www.rics.org
942 _n0
999 _c114817
_d114817